مكتبة جامعة عجلون الوطنية

فهرس بحث المكتبة

Normal view MARC view
  • التعليم الابتدائي-أوروبا

Entry Topical Term

Number of records used in: 1

001 - CONTROL NUMBER

  • control field: 15087

003 - CONTROL NUMBER IDENTIFIER

  • control field: JO-AjAnu

005 - DATE AND TIME OF LATEST TRANSACTION

  • control field: 20230606072716.0

008 - FIXED-LENGTH DATA ELEMENTS

  • fixed length control field: 230606|| aca||aabn | a|a d

040 ## - CATALOGING SOURCE

  • Original cataloging agency: JO-AjAnu
  • Transcribing agency: JO-AjAnu

150 ## - HEADING--TOPICAL TERM

  • Topical term or geographic name entry element: التعليم الابتدائي-أوروبا

670 ## - SOURCE DATA FOUND

  • Source citation: Work cat.: (JO-AjAnu)7746: بوسي،لوسيو محرر/البهواشي،عبد العزيز مترجم/عبود،عبد الغني مراجع و مقدم, author 15086, التعليم الإبتدائي في بعض الدول الأوروبية